00459nam a2200169 a 450000100060000000300090000600800410001502000150005604000280007108200170009910000300011624500300014625000060017626000610018230000110024365000350025411568CO-ViMGA141112s2004 ck r 000 u spa d a9583004561 aCO-ViMGAbspacCO-ViMGA04a920.08 V17dL1 aVargas Vila, Jose María10aLos divinos y los humanos a1 aSantafé de Bogotá, cPanAméricana editores, c1998 a210 p.14aAmérica DEL SUR - BIOGRAFIAS